000 nam a22 7a 4500
999 _c55772
_d55772
003 OSt
005 20221006143247.0
008 221006b xxu||||| |||| 00| 0 eng d
040 _cIIMT UNIVERSITY
100 _aHARBORNE,J.B.
245 _aPHYTOCHEMICAL METHODS
260 _aNEW YORK
_bCHAPMAN HALL
_c1998
300 _a302
942 _2ddc
_c02